01780cam a22004334i 4500003000900000005001700009008004100026020001800067035002700085040003300112049000900145082001800154245008700172264004500259300004400304336002100348337002500369338002300394490003600417500003900453505011600492526000900608526000900617526000800626526000800634526000800642541001600650610006200666650003900728700002200767910002200789942001400811949012200825994001400947596000600961999015500967980005501122952016901177PE-LiUPU20250731183433.0150706s r 000 0 d a9788495098580 a(Sirsi) i9788495098580 aPE-LiUPUbspacPE-LiUPUerda aPRUA04a708bMEAM22101aMuseo nacional centro de arte Reina Sofía [Madrid] /c[textos, Giovanna Uzzani]. 1a[Madrid] :bComunicación Uno,c[2007]. a32 páginas :bilustraciones ;c35 cm. atext2rdacontent aunmediated2rdamedia avolume2rdacarrier0 aMuseos europeos de arte moderno aSubtítulo tomado de la cubierta.0 aImágenes de algunos cuadros artísticos que se encuentran en el Museo nacional centro de arte Reina Sofía. aP158 aP146 aP17 aP12 aP06 g002-001005;2 aMuseo Nacional Centro de Arte Reina SofíavCatálogos.04aArte modernozEuropavCatálogos.1 aUzzani, Giovanna. aglcjckd20120822 2ddccBOOK a708 MEAM MwDEWEYc1i65341lCCODEBUL1mBULp4.00r0sYtBOOKu2015-7-6xINGENIERIAPP06o.STAFF. Colección General aC0bPEPRU a1 a708 MEAM MwDEWEYc53910i65341f2021-11-9g7lCCODEBUL1mBULp4.00r0sYtBOOKu2015-7-6xINGENIERIAPP060COMPRAo.STAFF. Colección Generald53910 81gALBERTO SANCHEZ Responsable de Automatización r2025-12-02 00:00:00i8l0o708 MEAM Mp65341te1v9.00w2015-07-06xFIAyBKzinventario-2023-12-13102ddc50708GENfP06aBULbBULcLGRAd2015-07-06eCOMPRAg4.00